| 000 | 00667nam a2200205 a 4500 | ||
|---|---|---|---|
| 001 | 000713160 | ||
| 003 | AM-YeHGA | ||
| 005 | 20250617142757.0 | ||
| 008 | 100211s1985 ||| r 000 0 rus d | ||
| 040 | _aAM-YeHGA | ||
| 041 | 0 | _arus | |
| 100 | 1 | _aПулькин, Василий Андреевич | |
| 245 | 1 | 0 |
_aГлубокие воды Корбярви : _bПовести / _cВасилий Пулькин. |
| 260 |
_aЛенинград : _bЛениздат, _c1985. |
||
| 300 |
_a245 с. : _bил. |
||
| 505 | 2 | _aАзбука детства | |
| 653 | 0 | _aДеревня - Север СССР (х. л.) | |
| 653 | 0 | _aВепсы (х. л.) | |
| 090 | _c265235 | ||
| 999 |
_c263606 _d263606 |
||